History Quiz

Random History or Famous Quiz

Who Am I? Famous People XXII Quiz Stats

 Plays Quiz Updated May 25, 2021

Support Sporcle.
Go Orange.
Score 0/18 Timer 05:00
26 Plays Today
% Correct
Xi Jinping
President of China
97.2%
Nefertiti
Egyptian Queen
97.1%
Ivan the Terrible
Tsar of Russia
95.9%
Harry
Duke of Sussex
95.1%
Simon Cowell
TV Personality
93.7%
Anthony Fauci
Physician
92.5%
Amy Winehouse
English Singer
92.4%
Carlos Santana
Mexican-American
Guitarist
92.2%
Pancho Villa
Former Governor
of Chihuahua
90.8%
% Correct
Snooki
Reality Personality
88.2%
Maria Sharapova
Tennis Athlete
85.4%
Anne Rice
American Author
78.7%
Cloris Leachman
American Actress
77.7%
Oscar Wilde
Irish Poet
& Playwright
77.4%
Lawrence Welk
American Musician
76.9%
Gary Dahl
American Inventor
64.5%
Suzanne Collins
TV Writer & Author
63.8%
Cicely Tyson
American Actress
59%

You're not logged in!

Compare scores with friends on all Sporcle quizzes.
OR
Log In

From the Vault

The Red Quiz

by Flick

This quiz will have you seeing red.
Remove Ads.
Support Sporcle.
Get the best of Sporcle when you Go Orange. This ad-free experience offers more features, more stats, and more fun while also helping to support Sporcle. Thank you for becoming a member.

Show Comments

Extras

Top Quizzes Today


Score Distribution

Your Account Isn't Verified!

In order to create a playlist on Sporcle, you need to verify the email address you used during registration. Go to your Sporcle Settings to finish the process.

Report this User

Report this user for behavior that violates our Community Guidelines.

Details: